| 000 | 00507nam a22001811a 4500 | ||
|---|---|---|---|
| 001 | 6897 | ||
| 003 | OSt | ||
| 005 | 20260204212108.0 | ||
| 008 | 060905s2006||||sp ||||||b||||||||||spa|| | ||
| 020 | _a8420550027 | ||
| 050 | _a371.102 I4d | ||
| 100 | _aIglesias Cortizas, José María | ||
| 245 | _aDiagnóstico escolar: teoría, ambiente y técnicas / José María Iglesias Cortizas | ||
| 264 | _aEspaña : Pearson Educación | ||
| 300 | _a278 p | ||
| 650 | _a1.Didáctica 2.PedagogíaÌ | ||
| 942 |
_2ddc _cBK |
||
| 999 |
_c6897 _d6897 |
||